LIBRARY & INFORMATION CENTRE, KCAET, TAVANUR

ONLINE PUBLIC ACCESS CATALOGUE (OPAC)

Plant Nursery Management: How to start and Operate a Plant Nursery (Record no. 14543)

MARC details
000 -LEADER
fixed length control field 00326nam a22001217a 4500
020 ## - INTERNATIONAL STANDARD BOOK NUMBER
ISBN 9788172337674
082 ## - DEWEY DECIMAL CLASSIFICATION NUMBER
Classification number 635
Item number RAY/PL
100 ## - MAIN ENTRY--AUTHOR NAME
Personal name Ray,P.K
245 ## - TITLE STATEMENT
Title Plant Nursery Management: How to start and Operate a Plant Nursery
260 ## - PUBLICATION, DISTRIBUTION, ETC. (IMPRINT)
Place of publication New Delhi
Name of publisher Scientific Publishers(India)
Year of publication 2012
300 ## - PHYSICAL DESCRIPTION
Number of Pages 407
942 ## - ADDED ENTRY ELEMENTS (KOHA)
Koha item type Books
Holdings
Withdrawn status Lost status Damaged status Collection code Home library Current library Shelving location Date acquired Source of acquisition Cost, normal purchase price Full call number Accession Number Koha item type
        KAUAET KAUAET General Stacks 15/07/2016 Professional Book Centre, Kochin. 1150.00 635 RAY/PL 24241 Books
free website counter